States and women's rights : the making of postcolonial Tunisia, Algeria, and Morocco

Αποθηκεύτηκε σε:
Λεπτομέρειες βιβλιογραφικής εγγραφής
Κύριος συγγραφέας: Charrad, M. (Mounira)
Μορφή: Βιβλίο
Γλώσσα:English
Δημοσίευση: Berkeley : University of California Press, 2001
Θέματα:
Ετικέτες: Προσθήκη ετικέτας
Δεν υπάρχουν, Καταχωρήστε ετικέτα πρώτοι!

MARC

LEADER 00000nam a2200000 i 4500
001 1/78261
008 080321s2001 eng d
020 |a 0-520-22576-7 
035 |l 10095687 
040 |a GR-MY-UA  |b gre  |e aacr 
041 0 |a eng 
082 0 |a 323.340961  |2 (22) 
100 1 |a Charrad, M.  |q (Mounira) 
245 1 0 |a States and women's rights :  |b the making of postcolonial Tunisia, Algeria, and Morocco /  |c Mounira M. Charrad 
260 |a Berkeley :   |b University of California Press,   |c 2001 
300 |a xviii, 341 σ.;  |b χάρτες;  |c 24 εκ. 
504 |a Βιβλιογραφία: σ. 301-317 
504 |a Ευρετήρια: σ. 319-341 
650 0 0 |a Women's rights  |z Africa, North  |x History. 
650 0 0 |a Muslim women  |x Government policy  |z Africa, North  |x History. 
650 0 0 |a Domestic relations (Islamic law)  |z Africa, North  |x History. 
650 0 0 |a Tribes  |z Africa, North  |x History. 
651 0 |a Africa, North  |x Politics and government. 
852 |a INST  |b LESVOS  |e 20080321  |h 323.340961 CHA  |p 005100039414  |q 005100039414  |t BK  |y 0 
901 |a BIBL1-2008-1 
909 |a Λ  |b 143079 
922 |a 1ΕΛΗ  |b 200712  |c ΕΠΕΑΕΚ2/ΤΚΑ  |d ΠΑΠΑΣΩΤΗΡΙΟΥ 
970 |a ΚΑΡΑ  |b ΓΙΑΣΕΜΗ  |z 2008/03/21